000 nam a22 7a 4500
999 _c129100
_d129100
008 190228b xxu||||| |||| 00| 0 eng d
020 _a9781849044776
050 _aBR1360.G54 2015
100 _aGifford, Paul
_944895
245 _aChristianity, development and modenity in Africa
_cPaul Gifford
260 _aLondon
_bHurst and Company
_c2015
300 _aviii, 187p. ;
_c21cm.
651 _aAfrica
_xChristianity
_944896
942 _2lcc
_cMONOGRAPH